000 00464nam a2200193Ia 4500
005 20241216010838.0
008 190212s9999||||xx |||||||||||||| ||und||
082 _a573.21
_bE61
100 _aENGEL LEONARD
245 4 _aTHE NEW GENETICS
_bBY LEONARD ENGEL
250 _a0
260 _aU.S.A.
_bAVON BOOKS
_c1968
300 _a253 pag
_c18 cm
341 _h0
490 _v0
_a0
541 _aC
_d16-Nov-99
_oSoles
650 _aCIENCIAS PURAS
942 _cLIBRO
999 _c25635
_d25635